[Event "Australian-ch 2020"]
[Site "Kogarah"]
[Date "2020.01.06"]
[Round "5.6"]
[White "Zhang, Jilin"]
[Black "Kethro, Michael"]
[Result "1/2-1/2"]
[WhiteElo "2237"]
[BlackElo "2093"]
[Annotator "RC"]
[PlyCount "53"]
[EventDate "2020.01.02"]
[EventType "swiss"]
[EventCountry "AUS"]
[SourceTitle "playchess.com"]
[Source "ChessBase"]
[SourceQuality "1"]
[TimeControl "40/5400+30:1800+30"]

1. e4 {[%emt 0:00:00]} c5 {[%emt 0:00:00]} 2. Nf3 {[%emt 0:00:00]} e6 {[%emt 0:00:09]} 3. d4 {[%emt 0:00:00]} cxd4 {[%emt 0:00:09]} 4. Nxd4 {[%emt 0:00:00]} Nc6 {[%emt 0:00:12]} 5. Nc3 {[%emt 0:00:17]} Qc7 {[%emt 0:00:37]} 6. Be3 {[%emt 0:00:29]} a6 {[%emt 0:00:35]} 7. a3 {[%emt 0:00:23]} b5 {[%emt 0:02:17]} 8. Nxc6 {[%emt 0:00:38]} Qxc6 {[%emt 0:01:21]} 9. Qd4 {[%emt 0:09:30]} Bb7 {[%emt 0:02:49]} 10. Be2 {[%emt 0:03:08]} Rc8 {[%emt 0:06:22]} 11. O-O-O {[%emt 0:11:01]} Nf6 {[%emt 0:21:33]} 12. Bf3 {[%emt 0:16:10]} Bxa3 {[%emt 0:17:48]} 13. e5 {[%emt 0:03:29]} Nd5 {[%emt 0:04:06]} 14. Bxd5 {[%emt 0:11:32]} exd5 {[%emt 0:01:05]} 15. Rd3 {[%emt 0:03:35]} b4 {[%emt 0:12:47]} 16. bxa3 {[%emt 0:01:38]} bxc3 {[%emt 0:02:20]} 17. Qb4 {[%emt 0:00:16]} a5 {[%emt 0:10:50]} 18. Qd6 {[%emt 0:03:13]} Qxd6 {[%emt 0:02:15]} 19. exd6 {[%emt 0:00:05]} O-O {[%emt 0:00:28]} 20. Bd4 {[%emt 0:04:21]} f6 {[%emt 0:06:22]} 21. Re1 {[%emt 0:01:38]} Rfe8 {[%emt 0:02:19]} 22. Re7 {[%emt 0:01:08]} Rxe7 {[%emt 0:02:43]} 23. dxe7 {[%emt 0:00:01]} Kf7 {[%emt 0:00:24]} 24. Re3 {[%emt 0:00:08]} d6 {[%emt 0:01:42]} 25. g3 {[%emt 0:19:24]} Re8 {[%emt 0:00:27]} 26. Bxc3 {[%emt 0:05:02]} a4 {[%emt 0:00:31]} 27. Bb4 {[%emt 0:02:09]} 1/2-1/2

[Event "Australian-ch 2020"]
[Site "Kogarah"]
[Date "2020.01.06"]
[Round "5.7"]
[White "Plant, John Stuart"]
[Black "Puccini, Jack"]
[Result "0-1"]
[WhiteElo "1993"]
[BlackElo "2265"]
[Annotator "RC"]
[PlyCount "102"]
[EventDate "2020.01.02"]
[EventType "swiss"]
[EventCountry "AUS"]
[SourceTitle "playchess.com"]
[Source "ChessBase"]
[SourceQuality "1"]
[TimeControl "40/5400+30:1800+30"]

1. e4 {[%emt 0:00:00]} c5 {[%emt 0:00:00]} 2. f4 {[%emt 0:00:00]} d5 {[%emt 0:00:21]} 3. d3 {[%emt 0:00:11]} Nc6 {[%emt 0:02:15]} 4. Nf3 {[%emt 0:00:21]} g6 {[%emt 0:03:05]} 5. Be2 {[%emt 0:00:47]} Bg7 {[%emt 0:02:36]} 6. c3 {[%emt 0:00:58]} e6 {[%emt 0:03:50]} 7. Be3 {[%emt 0:01:22]} d4 {[%emt 0:03:53]} 8. cxd4 {[%emt 0:01:55]} cxd4 {[%emt 0:04:04]} 9. Bd2 {[%emt 0:01:19]} Nf6 {[%emt 0:01:54]} 10. h3 {[%emt 0:03:22]} O-O {[%emt 0:04:02]} 11. O-O {[%emt 0:03:14]} b6 {[%emt 0:04:22]} 12. Na3 {[%emt 0:01:45]} Bb7 {[%emt 0:01:36]} 13. Qe1 {[%emt 0:03:13]} Nxe4 {[%emt 0:12:36]} 14. dxe4 {[%emt 0:02:41]} d3 {[%emt 0:00:07]} 15. e5 {[%emt 0:04:03]} dxe2 {[%emt 0:01:22]} 16. Qxe2 {[%emt 0:00:02]} Nd4 {[%emt 0:11:33]} 17. Nxd4 Qxd4+ {[%emt 0:00:05]} 18. Be3 {[%emt 0:02:08]} Qe4 {[%emt 0:01:38]} 19. Qf2 {[%emt 0:01:30]} f6 {[%emt 0:04:08]} 20. Rfe1 {[%emt 0:07:32]} fxe5 {[%emt 0:06:31]} 21. Bxb6 {[%emt 0:02:56]} Qc6 {[%emt 0:01:34]} 22. Bc5 {[%emt 0:05:11]} exf4 {[%emt 0:03:09]} 23. Nc4 {[%emt 0:03:40]} Rf5 {[%emt 0:02:02]} 24. Na5 {[%emt 0:03:46]} Qxg2+ {[%emt 0:01:21]} 25. Qxg2 {[%emt 0:00:28]} Bxg2 {[%emt 0:00:05]} 26. Kxg2 {[%emt 0:04:44]} Rxc5 {[%emt 0:00:07]} 27. Nb3 {[%emt 0:00:34]} Rc2+ {[%emt 0:00:29]} 28. Kf3 {[%emt 0:00:16]} Rxb2 {[%emt 0:00:26]} 29. Nc5 {[%emt 0:01:20]} Rh2 {[%emt 0:02:09]} 30. Rad1 {[%emt 0:00:40]} Rxh3+ {[%emt 0:08:10]} 31. Kxf4 {[%emt 0:00:34]} Rc8 {[%emt 0:01:17]} 32. Kg4 {[%emt 0:03:38]} Ra3 {[%emt 0:00:10]} 33. Ne4 {[%emt 0:01:50]} Rf8 {[%emt 0:02:20]} 34. Rf1 {[%emt 0:13:40]} Rf5 {[%emt 0:02:21]} 35. Rd8+ {[%emt 0:01:17]} Kf7 {[%emt 0:01:23]} 36. Rd7+ {[%emt 0:08:05]} Kf8 {[%emt 0:00:28]} 37. Rg1 {[%emt 0:03:18]} h5+ {[%emt 0:01:34]} 38. Kh4 {[%emt 0:00:07]} Ra4 {[%emt 0:00:10]} 39. Rb1 {[%emt 0:03:18]} Rxe4+ {[%emt 0:02:01]} 40. Kh3 {[%emt 0:00:02]} Re3+ {[%emt 0:00:43]} 41. Kg2 {[%emt 0:30:09]} Re2+ {[%emt 0:30:17]} 42. Kh1 {[%emt 0:00:15]} Be5 {[%emt 0:01:34]} 43. Kg1 {[%emt 0:01:02]} Rf7 {[%emt 0:00:54]} 44. Rd3 {[%emt 0:00:30]} Kg7 {[%emt 0:00:18]} 45. a4 {[%emt 0:00:15]} g5 {[%emt 0:00:34]} 46. a5 {[%emt 0:00:08]} g4 {[%emt 0:00:35]} 47. a6 {[%emt 0:00:06]} h4 {[%emt 0:00:06]} 48. Kh1 {[%emt 0:00:40]} h3 {[%emt 0:00:22]} 49. Kg1 {[%emt 0:03:18]} Rg2+ {[%emt 0:00:35]} 50. Kh1 {[%emt 0:00:06]} Rgf2 {[%emt 0:00:24]} 51. Rdd1 {[%emt 0:01:00]} g3 {[%emt 0:00:08]} 0-1

[Event "Australian-ch 2020"]
[Site "Kogarah"]
[Date "2020.01.06"]
[Round "5.8"]
[White "Parle, Hughston"]
[Black "Kargosha, Bahman"]
[Result "0-1"]
[WhiteElo "2057"]
[BlackElo "2101"]
[Annotator "TA"]
[PlyCount "114"]
[EventDate "2020.01.02"]
[EventType "swiss"]
[EventCountry "AUS"]
[SourceTitle "playchess.com"]
[Source "ChessBase"]
[SourceQuality "1"]

{[%evp 20,118,8,9,16,7,40,11,23,16,19,35,40,35,24,36,27,36,27,41,80,80,86,86,82,83,81,87,100,88,86,67,84,71,85,78,109,0,92,49,102,97,100,112,95,95,146,85,81,0,0,0,0,0,0,0,0,0,0,0,2,0,8,8,8,8,8,8,8,8,8,8,12,12,12,-31,-24,-1386,-1291,-2397,-2258,-2235,-1719,-3199,-2212,-2091,-1475,-6087,-7332,-29979,-29980,-29980,-29981,-29979,-29980,-29980,-29981,-29975,-29977,-29987,-29988]} 1. e4 c5 2. Nf3 d6 3. Bb5+ Bd7 4. Bxd7+ Qxd7 5. c4 Nf6 6. Nc3 Nc6 7. O-O g6 8. d4 cxd4 9. Nxd4 Bg7 10. Nc2 O-O 11. Qe2 Rac8 {B52: Sicilian: Moscow Variation with 3...Bd7} (11... a6 12. Bd2 Rab8 13. Rac1 b5 14. cxb5 axb5 15. Nd5 e6 16. Ncb4 exd5 17. Nxc6 Rb6 18. exd5 Nxd5 19. Qf3 {½-½ (19) Tkachiev,V (2615)-Gelfand,B (2695) Groningen 1997}) 12. b3 Qd8 $146 ({Predecessor:} 12... Nh5 13. Bb2 Nf4 14. Qf3 g5 15. Rad1 Ne5 16. Qg3 h5 17. Kh1 Bh6 18. h4 Neg6 19. hxg5 {1-0 (32) Munoz Pantoja,M (2507)-Alonso Gonzalez,C (2040) Barcelona 2011}) 13. Bb2 Nd7 {The position is equal.} 14. Ne3 Nc5 15. f3 Nd4 16. Qd2 Ncxb3 17. axb3 Nxb3 18. Qe2 Nxa1 19. Rxa1 a6 20. Ncd5 $36 {[%mdl 2048] Black is under strong pressure.} e6 21. Bxg7 Kxg7 22. Qb2+ {[%mdl 64] Double Attack} f6 23. Nf4 {[%mdl 1024] White has strong compensation.} ({Don't play} 23. Qxb7+ Rf7 $15) 23... Qd7 24. Rb1 Rf7 25. Qb4 Rc6 26. Ne2 e5 27. g4 Rc5 28. Nc1 (28. Nc3 $16) 28... a5 (28... b5 $1 $11) 29. Qb2 Qc7 (29... a4 $1 $14) 30. Nd3 $16 Rxc4 31. Nxc4 Qxc4 32. Nf2 Rc7 ({Black should play} 32... a4) 33. Kg2 (33. Qb6 $142) 33... a4 34. Qb4 (34. Qb6 $16) 34... Qxb4 $11 35. Rxb4 {[%mdl 4096] Endgame KRN-KR} a3 36. Ra4 Rc3 37. Ra7 Rb3 38. Kf1 h5 39. Ke2 Kh6 40. gxh5 Kxh5 41. Nd3 Kh4 42. Kd2 Kh3 43. Kc2 Rb6 {Strongly threatening ...Ra6.} 44. Rxa3 Kxh2 45. Kd2 f5 46. Ra8 {Threatens to win with Rg8.} Kg3 47. Ke3 {Black should prevent Rg8.} Ra6 48. Rxa6 $4 {[%mdl 8192] [#]} (48. Rd8 $11) 48... f4+ $1 $19 49. Ke2 bxa6 {KN-KP} 50. Nb2 a5 {[%cal Ba6a5,Ba5a4][%mdl 32]} 51. Nc4 a4 52. Na3 g5 53. Nc4 Kg2 54. Na3 {[#]} g4 $1 {[%mdl 576] Promotion. Black mates.} 55. fxg4 f3+ 56. Kd2 f2 57. Nc4 a3 {Played: Kg2-f3} 0-1

[Event "Australian-ch 2020"]
[Site "Kogarah"]
[Date "2020.01.06"]
[Round "5.9"]
[White "Lo, Willis"]
[Black "McGowan, Cameron"]
[Result "1-0"]
[WhiteElo "2108"]
[BlackElo "2221"]
[Annotator "ChessBase"]
[PlyCount "147"]
[EventDate "2020.01.02"]
[EventType "swiss"]
[EventCountry "AUS"]
[SourceTitle "playchess.com"]
[Source "ChessBase"]
[SourceQuality "1"]
[TimeControl "40/5400+30:1800+30"]

1. c4 {[%emt 0:00:00]} Nf6 {[%emt 0:00:00]} 2. g3 {[%emt 0:00:01]} g6 {[%emt 0:00:00]} 3. Bg2 {[%emt 0:00:30]} Bg7 {[%emt 0:00:30]} 4. Nc3 {[%emt 0:00:30]} O-O {[%emt 0:00:30]} 5. d4 {[%emt 0:00:30]} d6 {[%emt 0:00:30]} 6. Nf3 {[%emt 0:00:30]} Nbd7 {[%emt 0:00:30]} 7. O-O {[%emt 0:00:30]} e5 {[%emt 0:00:30]} 8. e4 {[%emt 0:00:30]} exd4 {[%emt 0:00:30]} 9. Nxd4 {[%emt 0:00:30]} Re8 {[%emt 0:00:30]} 10. h3 {[%emt 0:00:30]} a6 {[%emt 0:00:30]} 11. Be3 {[%emt 0:00:30]} Rb8 {[%emt 0:00:30]} 12. b3 {[%emt 0:00:30]} c5 {[%emt 0:00:30]} 13. Nde2 {[%emt 0:00:30]} b5 {[%emt 0:00:30]} 14. Qxd6 {[%emt 0:00:30]} b4 {[%emt 0:00:30]} 15. Na4 {[%emt 0:00:30]} Nxe4 {[%emt 0:00:30]} 16. Bxe4 {[%emt 0:00:30]} Bxa1 {[%emt 0:00:30]} 17. Rxa1 {[%emt 0:00:30]} Rxe4 {[%emt 0:00:30]} 18. Nxc5 {[%emt 0:00:30]} Re8 {[%emt 0:00:30]} 19. Rd1 {[%emt 0:00:30]} Qe7 {[%emt 0:00:30]} 20. Qxe7 {[%emt 0:00:30]} Rxe7 {[%emt 0:00:30]} 21. Nf4 {[%emt 0:00:30]} Nxc5 {[%emt 0:00:30]} 22. Bxc5 {[%emt 0:00:30]} Rd7 {[%emt 0:00:30]} 23. Nd5 {[%emt 0:00:30]} Kg7 {[%emt 0:00:30]} 24. Bd4+ {[%emt 0:00:30]} f6 {[%emt 0:00:30]} 25. Bxf6+ {[%emt 0:00:30]} Kf7 {[%emt 0:00:30]} 26. Be5 {[%emt 0:00:30]} Rbb7 {[%emt 0:00:30]} 27. g4 {[%emt 0:00:30]} Rd8 {[%emt 0:00:30]} 28. c5 {[%emt 0:00:30]} Rb5 {[%emt 0:00:30]} 29. Bd6 {[%emt 0:00:30]} Bb7 {[%emt 0:00:30]} 30. Ne3 {[%emt 0:00:30]} Bc6 {[%emt 0:00:30]} 31. f4 {[%emt 0:00:30]} a5 {[%emt 0:00:30]} 32. Rd4 {[%emt 0:00:30]} Kg8 {[%emt 0:00:30]} 33. Nc4 {[%emt 0:00:30]} Be8 {[%emt 0:00:30]} 34. Ne5 {[%emt 0:00:30]} Rc8 {[%emt 0:00:30]} 35. Nd3 {[%emt 0:00:30]} Rb7 {[%emt 0:00:30]} 36. Kf2 {[%emt 0:00:30]} Ra8 {[%emt 0:00:30]} 37. Ne5 {[%emt 0:00:30]} Rc8 {[%emt 0:00:30]} 38. f5 {[%emt 0:00:30]} Kg7 {[%emt 0:00:30]} 39. Rf4 {[%emt 0:00:30]} gxf5 {[%emt 0:00:30]} 40. gxf5 {[%emt 0:00:30]} Kf6 {[%emt 0:00:30]} 41. Ng4+ {[%emt 0:30:30]} Kf7 {[%emt 0:30:30]} 42. f6 {[%emt 0:00:30]} h5 {[%emt 0:00:30]} 43. Nh6+ {[%emt 0:00:30]} Ke6 {[%emt 0:00:30]} 44. Ng8 {[%emt 0:00:30]} Rb5 {[%emt 0:00:30]} 45. f7 {[%emt 0:00:30]} Bxf7 {[%emt 0:00:30]} 46. Rf6+ {[%emt 0:00:30]} Kd7 {[%emt 0:00:30]} 47. Rxf7+ {[%emt 0:00:30]} Ke6 {[%emt 0:00:30]} 48. Re7+ {[%emt 0:00:30]} Kd5 {[%emt 0:00:30]} 49. Nf6+ {[%emt 0:00:30]} Kd4 {[%emt 0:00:30]} 50. Nxh5 {[%emt 0:00:30]} Kc3 {[%emt 0:00:30]} 51. Nf4 {[%emt 0:00:30]} Kb2 {[%emt 0:00:30]} 52. Re2+ {[%emt 0:00:30]} Kb1 {[%emt 0:00:30]} 53. Nd3 {[%emt 0:00:30]} Rb7 {[%emt 0:00:30]} 54. h4 {[%emt 0:00:30]} Rf7+ {[%emt 0:00:30]} 55. Nf4 {[%emt 0:00:30]} Rh8 {[%emt 0:00:30]} 56. Kg3 {[%emt 0:00:30]} Rg7+ {[%emt 0:00:30]} 57. Kh3 {[%emt 0:00:30]} Rgh7 {[%emt 0:00:30]} 58. h5 {[%emt 0:00:30]} Rc8 {[%emt 0:00:30]} 59. Kg4 {[%emt 0:00:30]} Rg8+ {[%emt 0:00:30]} 60. Ng6 {[%emt 0:00:30]} Rf7 {[%emt 0:00:30]} 61. Kg5 {[%emt 0:00:30]} Rf1 {[%emt 0:00:30]} 62. c6 {[%emt 0:00:30]} Rc1 {[%emt 0:00:30]} 63. c7 {[%emt 0:00:30]} Rc6 {[%emt 0:00:30]} 64. Be5 {[%emt 0:00:30]} Re8 {[%emt 0:00:30]} 65. h6 {[%emt 0:00:30]} Rg8 {[%emt 0:00:30]} 66. h7 {[%emt 0:00:30]} Rgxg6+ {[%emt 0:00:30]} 67. Kf5 {[%emt 0:00:30]} Rh6 {[%emt 0:00:30]} 68. Rh2 {[%emt 0:00:30]} Rxh7 {[%emt 0:00:30]} 69. Rxh7 {[%emt 0:00:30]} Kxa2 {[%emt 0:00:30]} 70. Rh8 {[%emt 0:00:30]} Kxb3 {[%emt 0:00:30]} 71. c8=Q {[%emt 0:00:30]} Rxc8 {[%emt 0:00:30]} 72. Rxc8 {[%emt 0:00:30]} a4 {[%emt 0:00:30]} 73. Bd6 {[%emt 0:00:30]} a3 {[%emt 0:00:30]} 74. Rb8 {[%emt 0:00:30]} 1-0

[Event "Australian-ch 2020"]
[Site "Kogarah"]
[Date "2020.01.06"]
[Round "5.9"]
[White "Lo, Willis"]
[Black "McGowan, Cameron"]
[Result "*"]
[WhiteElo "2108"]
[BlackElo "2221"]
[Annotator "TA"]
[PlyCount "30"]
[EventDate "2020.01.02"]
[EventType "swiss"]
[EventCountry "AUS"]
[SourceTitle "playchess.com"]
[Source "ChessBase"]
[SourceQuality "1"]

{[%evp 8,8,37]} 1. c4 Nf6 2. g3 g6 3. Bg2 Bg7 4. Nc3 O-O {Predecessor:} 5. Nf3 $146 b6 6. d4 Bb7 7. d5 e6 8. O-O Re8 9. e4 Na6 10. e5 Ng4 11. Bg5 Qc8 12. Re1 d6 13. exd6 cxd6 14. dxe6 fxe6 15. Qxd6 Qxc4 {1-0 (31) Artemiev,V (2709)-Mamedyarov,S (2817) St Petersburg 2018} *

[Event "Australian-ch 2020"]
[Site "Kogarah"]
[Date "2020.01.06"]
[Round "5.10"]
[White "Huynh, Arthur"]
[Black "Bayaca, Sterling"]
[Result "1-0"]
[WhiteElo "2136"]
[BlackElo "1994"]
[Annotator "ChessBase"]
[PlyCount "77"]
[EventDate "2020.01.02"]
[EventType "swiss"]
[EventCountry "AUS"]
[SourceTitle "playchess.com"]
[Source "ChessBase"]
[SourceQuality "1"]
[TimeControl "40/5400+30:1800+30"]

1. d4 d5 2. c4 e6 3. g3 Nf6 4. Bg2 dxc4 5. Nf3 Bd7 6. Ne5 Bc6 7. Nxc6 Nxc6 8. e3 Qd7 9. O-O Nd5 10. Qe2 O-O-O 11. Qxc4 h5 12. Nc3 h4 13. Bd2 hxg3 14. hxg3 f5 15. Rfc1 g5 16. Nxd5 exd5 17. Qa4 Qh7 18. Rxc6 bxc6 19. Qxc6 Kb8 20. Qb5+ Kc8 21. Rc1 Qd7 22. Rc6 Rh7 23. Ba5 Qe8 24. Bxd5 Rxd5 25. Qxd5 Qh5 26. Rxc7+ Rxc7 27. Qa8+ Kd7 28. Bxc7 Qd1+ 29. Kg2 Qc2 30. Qd8+ Kc6 31. d5+ Kb7 32. Qb8+ Ka6 33. Qc8+ Kb5 34. Qb7+ Kc4 35. Qc6+ Bc5 36. d6 f4 37. Qa6+ Kd5 38. Qb7+ Kc4 39. Qb3+ 1-0

[Event "Australian-ch 2020"]
[Site "Kogarah"]
[Date "2020.01.07"]
[Round "6.1"]
[White "Wallis, Christopher"]
[Black "Kuybokarov, Temur"]
[Result "1-0"]
[WhiteElo "2322"]
[BlackElo "2523"]
[Annotator "TA"]
[PlyCount "45"]
[EventDate "2020.01.02"]
[EventType "swiss"]
[EventCountry "AUS"]
[SourceTitle "playchess.com"]
[Source "ChessBase"]
[SourceQuality "1"]

{[%evp 14,95,27,41,45,15,36,13,21,0,0,0,8,0,0,1,62,4,22,11,23,13,26,-19,58,64,61,62,62,63,62,64,62,62,62,63,62,14,65,66,85,75,73,87,115,81,105,76,99,79,146,147,164,164,163,146,170,146,175,130,116,102,449,437,427,416,378,334,350,290,370,357,533,514,765,721,706,631,1453,1437,1393,1275,1120,1058]} 1. e4 e5 2. Nf3 Nc6 3. Bb5 a6 4. Ba4 Nge7 5. O-O g6 6. c3 Bg7 7. d4 exd4 8. cxd4 b5 {C60: Ruy Lopez: Unusual Black 3rd moves and 3...g6} 9. Bb3 d6 $146 ({Predecessor:} 9... O-O 10. Nc3 d6 {0-1 (59) Kosteniuk,A (2517)-Aronian,L (2786) Moscow 2009}) 10. h3 O-O {The position is equal.} 11. Nc3 Na5 12. Bc2 c5 13. dxc5 dxc5 14. Bg5 {Threatens to win with Qxd8.} Nac6 (14... Qc7 $11) 15. Qc1 ({White should try} 15. Nd5 $14 Ra7 16. Qc1) 15... Qb6 16. e5 $36 {[%mdl 2048] White fights for an advantage.} Re8 17. Qf4 Bb7 18. Rae1 Nd4 (18... Nb4 $11 19. Be4 c4) 19. Nxd4 $14 cxd4 20. Bb3 $1 {[%cal Rb3f7]} dxc3 21. Qxf7+ {[%mdl 64] Double Attack} Kh8 22. Bxe7 {And now Bf6 would win.} Qc7 23. Bd6 {Played: Be7-f6} 1-0

[Event "Australian-ch 2020"]
[Site "Kogarah"]
[Date "2020.01.07"]
[Round "6.2"]
[White "Ikeda, Junta"]
[Black "McClymont, Brodie"]
[Result "0-1"]
[WhiteElo "2438"]
[BlackElo "2421"]
[Annotator "TA"]
[PlyCount "72"]
[EventDate "2020.01.02"]
[EventType "swiss"]
[EventCountry "AUS"]
[SourceTitle "playchess.com"]
[Source "ChessBase"]
[SourceQuality "1"]

{[%evp 16,92,33,31,27,26,39,43,39,39,44,39,43,27,50,45,52,62,56,25,41,22,18,-14,0,-17,-24,-27,-22,-22,-21,-23,6,7,0,0,0,0,0,0,0,0,0,-10,-10,-135,-123,-113,-48,-97,-95,-156,-139,-231,-231,-264,-272,-449,-445,-841,-844,-809,-820,-791,-779,-29981,-29982,-29983,-29984,-29983,-29984,-29985,-6022,-29990,-29991,-29991,-29991,-29992,-29993]} 1. d4 Nf6 2. c4 g6 3. g3 Bg7 4. Bg2 O-O 5. Nf3 d6 6. O-O Nc6 7. Nc3 a6 8. b3 Rb8 9. d5 Na5 {E63: King's Indian: Fianchetto: Panno Variation with 7...a6} 10. Bg5 (10. Nd4 e5 11. Nc2 Bd7 12. Nb4 Re8 13. e4 c5 14. dxc6 bxc6 15. Nc2 Bg4 16. Qd3 c5 17. f4 exf4 18. Bxf4 {1-0 (74) Firouzja,A (2682)-Lagarde,M (2600) Le Blanc Mesnil 2019}) 10... h6 11. Bd2 c5 {White is slightly better.} 12. dxc6 Nxc6 13. Rc1 Bf5 14. Nd5 e5 $146 ({Predecessor:} 14... Ne4 15. Be3 e6 16. Bb6 Qd7 17. Ne3 {0-1 (48) Kueppers,T (2320)-Ghasi,A (2498) London 2018}) 15. Ne1 Nxd5 16. cxd5 Ne7 17. e4 Bd7 {White should prevent ...Bb5.} 18. Be3 f5 19. f3 g5 20. Nd3 f4 21. Bf2 Ng6 22. g4 Rf7 23. Qd2 Bf8 24. Rc2 h5 25. h3 hxg4 26. hxg4 Be7 27. Rfc1 Qf8 28. Ba7 {Strongly threatening Rc7.} Ra8 29. Bb6 Rh7 30. Rc7 (30. Nb2 $11) 30... Bd8 $17 31. Rxb7 Bc8 (31... Bxg4 $1 $17 32. Bxd8 Rxb7 33. Bxg5 Bc8) 32. Bxd8 Bxb7 33. Bb6 (33. Ba5 $142) 33... Qh6 34. Kf1 {[#]} (34. Ba5 $17 {is a better defense.}) 34... a5 $1 $19 {[%mdl 512]} 35. Ke1 (35. Bxa5 Qh2) 35... Qh2 36. Bf1 $2 {[#]} (36. Kd1 a4 37. b4) 36... Qg3+ {Played: Ng6-h4} 0-1

[Event "Australian-ch 2020"]
[Site "Kogarah"]
[Date "2020.01.07"]
[Round "6.3"]
[White "Clarke, Brandon G I"]
[Black "Hu, Jason"]
[Result "1-0"]
[WhiteElo "2438"]
[BlackElo "2159"]
[Annotator "TA"]
[PlyCount "75"]
[EventDate "2020.01.02"]
[EventType "swiss"]
[EventCountry "AUS"]
[SourceTitle "playchess.com"]
[Source "ChessBase"]
[SourceQuality "1"]

{[%evp 13,89,36,52,51,66,14,57,5,2,2,13,14,17,0,0,13,9,0,-6,-14,0,0,3,-11,3,-6,35,35,87,34,37,32,35,0,27,0,0,-57,0,0,0,7,0,0,21,50,28,79,42,0,47,90,0,83,721,620,582,504,2090,2069,6524,3009,1647,1240,29966,2479,6076,2025,2261,2218,5647,2658,29985,29986,29987,29987,29981,29980]} 1. e4 c6 2. d4 d5 3. e5 Bf5 4. Nf3 e6 5. Be2 c5 6. Be3 Qb6 7. Nc3 Nc6 8. O-O {Hoping for dxc5. B12: Caro-Kann: Advance Variation} c4 (8... Qxb2 9. Qe1 cxd4 10. Bxd4 Nxd4 11. Nxd4 Bb4 12. Ndb5 Ba5 13. Rb1 Qxc2 14. Rb3 Ne7 15. Nd6+ Kf8 16. Nxb7 Bb6 17. Nd6 Ba5 18. Nb7 Bb6 19. Nd6 Ba5 20. Nb7 {½-½ (20) Vachier Lagrave,M (2773)-Anand,V (2774) Karlsruhe/Baden Baden 2019}) 9. Rb1 (9. Nh4 $14 Bg6 10. Qd2 (10. Nxg6 hxg6 11. Rb1 Nh6 $14)) 9... Bb4 10. a3 (10. Bxc4 $14 dxc4 11. d5) 10... Bxc3 $1 $11 11. bxc3 Qa6 $146 ({Predecessor:} 11... Qc7 12. Nh4 Bg6 13. f4 Qe7 14. g3 Be4 15. f5 O-O-O {1-0 (26) Wagener,A (2254)-Doison,A (2034) Luxembourg 2012}) 12. Nh4 Nge7 13. g4 Be4 14. f3 Bg6 $1 15. f4 Be4 16. f5 Qxa3 17. Qd2 Qa6 18. f6 gxf6 19. Rxf6 Ng6 (19... Rg8 {feels hotter.} 20. h3 Qa2 21. Qe1 Rb8 22. Rc1 Qb2) 20. Nf3 Bxf3 21. Bxf3 (21. Rxf3 $16 Rc8 22. Bg5) 21... b5 $14 22. Qf2 {[%mdl 1024] White has compensation.} Qb7 $1 23. Rf1 Nd8 24. Be2 a5 25. Bg5 ({White should play} 25. Ra1 $11) 25... Rf8 (25... a4 $15) 26. h4 $11 b4 27. h5 Ne7 {White should prevent ...a4.} 28. Bh6 $36 {[%mdl 2048] White has the initiative.} Rg8 29. Rxf7 Nxf7 30. Qxf7+ {[%mdl 64] [#] Double Attack} Kd7 {Black wants to play ...Qb6.} 31. g5 {Black must now prevent Bg4.} ({Much weaker is} 31. Qxh7 bxc3 32. g5 Qb6 $17) 31... bxc3 {...Qb6 is the strong threat.} 32. Bg4 Qb6 33. Kh2 ({Better is} 33. Rd1 $11) 33... Rac8 $2 {[%mdl 8192]} (33... Ra6 $16) 34. g6 $18 hxg6 35. Bg5 Rge8 (35... Rce8 $142) 36. h6 Rc6 37. h7 Qd8 38. Rb1 {Played: Rf1-f6} 1-0